Music Quiz

Random Music Quiz

Nicki Minaj Starships Quiz Stats

 Plays Quiz not verified by Sporcle

Support Sporcle.
Go Orange.
Score 0/288 Timer 10:00
0 Plays Today
% Correct
to
96%
to
96%
to
96%
to
96%
to
96%
to
96%
to
96%
the
95.3%
a
95.3%
the
95.3%
the
95.3%
the
95.3%
the
95.3%
a
95.3%
and
95.3%
the
95.3%
and
95.3%
the
95.3%
and
95.3%
and
95.3%
and
95.3%
a
95.3%
a
95.3%
the
95.3%
and
95.3%
the
95.3%
and
95.3%
the
95.3%
me
92.2%
me
92.2%
me
92.2%
me
92.2%
Lets
90.8%
lets
90.8%
lets
90.8%
lets
90.8%
lets
90.8%
lets
90.8%
lets
90.8%
lets
90.8%
let
90.5%
Go
89%
go
89%
go
89%
beach,
87.8%
star...
86.9%
get
85%
get
85%
get
85%
get
85%
say,
81.9%
say
81.9%
say
81.9%
on
81.7%
on
81.7%
on
81.7%
on
81.7%
starships
81.7%
starships
81.7%
fly
81.6%
fly
81.6%
starships
81.6%
fly
81.6%
starships
81.6%
fly
81.6%
were
80.9%
were
80.8%
were
80.8%
were
80.8%
were
80.8%
were
80.8%
we're
80.8%
what
80.3%
they
79.9%
they
79.9%
away
79.7%
like
78.9%
like
78.9%
like
78.9%
like
78.9%
drink
78.5%
each
77.8%
gonna
77%
up
76.4%
sky
76.4%
up
76.4%
up
76.4%
sky
76.4%
up
76.4%
up
76.4%
sky
76.4%
touch
76%
touch
76%
touch
76%
do
75.2%
do
75.2%
% Correct
do
75.2%
do
75.2%
hands
74.4%
hands
74.4%
hands
74.4%
hands
74.4%
hands
74.4%
more
74%
more
74%
more
74%
more
74%
more
74%
more
74%
more
74%
more
74%
more
74%
more
74%
have
72.8%
high
72.1%
high
72.1%
high
72.1%
hard
71.8%
this
71.6%
this
71.6%
this
71.6%
this
71.6%
this
71.6%
bitches
71.5%
one
71.4%
one
71.4%
one
71.4%
one
71.4%
bad
70.6%
it
70.4%
it
70.4%
time
70.4%
time
70.4%
time
70.4%
time
70.4%
come
70%
so
68.9%
so
68.9%
so
68.9%
so
68.9%
so
68.9%
by
68.1%
can
66%
is
64.6%
is
64.6%
floor
64.3%
floor
64.3%
floor
64.3%
floor
64.3%
floor
64.3%
floor
64.3%
you
64.1%
you
64.1%
you
64.1%
you
64.1%
you
64.1%
you
64.1%
you
64.1%
light
64.1%
cant
62%
can't
62%
can't
62%
can't
62%
can't
62%
dance
61.6%
dance
61.6%
in
61.3%
in
61.3%
in
61.3%
i'm
61%
i'm
61%
cause
60.5%
cause
60.5%
cause
60.5%
cause
60.5%
stop
60%
stop
60%
stop
60%
stop
60%
its
59.6%
it's
59.6%
its
59.6%
bud
59%
clink
58.8%
my
58.6%
my
58.6%
my
58.6%
my
58.6%
last
58.5%
last
58.5%
two
58.3%
two
58.3%
% Correct
give
57.1%
give
57.1%
love
55.6%
found
55.5%
three
55%
want
54.9%
want
54.9%
want
54.9%
money
54.2%
money
54.2%
all
53.4%
i
52.4%
i
52.4%
your
52.4%
i
52.4%
i
52.4%
i
52.4%
i
52.4%
your
52.4%
your
52.4%
i
52.4%
chance
51.9%
chance
51.9%
am
51.6%
am
51.6%
here
51.5%
here
51.5%
own
51.4%
own
51.4%
own
51.4%
zone
51.1%
zone
51.1%
then
47.9%
then
47.9%
blow
47.4%
if
45.9%
if
45.9%
if
45.9%
stand
44.4%
that
43.9%
that
43.9%
****
43.6%
****
43.6%
don't
43.3%
leave
42.9%
good
42.9%
tip
42.9%
ment
42.4%
ment
42.4%
ment
42.4%
ment
42.4%
yes
41.9%
****
41.8%
who
41%
who
41%
till
40.1%
no
40%
little
40%
rent
40%
twinkle
40%
twinkle
40%
month
36.8%
nicki
34.8%
owe
34.5%
hoop
34%
aint
33.9%
call
31.5%
there
30.8%
name
29%
sight
28.9%
end
28.4%
hear
28.2%
jump
27.4%
paying
26.6%
now
25.7%
now
25.7%
onika
25.5%
ray
23.5%
ray
23.5%
ray
23.5%
spend
23.2%
i'ma
22.6%
everybody
21.5%
you're
21.2%
hoopty
18%
hoopty
18%
G
16%
G
16%
G
16%
G
16%
life,
15.9%
payday
14.8%
off
11.8%
patrown
10%
our
9%
todays
8.4%

You're not logged in!

Compare scores with friends on all Sporcle quizzes.
OR
Log In

From the Vault

Zelda Alphabet

by CKcheeseboy

For those that spent their childhoods in the land of Hyrule.

You Might Also Like...

Remove Ads.
Support Sporcle.
Get the best of Sporcle when you Go Orange. This ad-free experience offers more features, more stats, and more fun while also helping to support Sporcle. Thank you for becoming a member.

Show Comments

Extras

Created Mar 25, 2012ReportNominate
Tags:minaj, nicki, Nicki Minaj, starship

Top Quizzes Today


Score Distribution

Your Account Isn't Verified!

In order to create a playlist on Sporcle, you need to verify the email address you used during registration. Go to your Sporcle Settings to finish the process.

Report this User

Report this user for behavior that violates our Community Guidelines.

Details: